Development as Freedom /

保存先:
書誌詳細
第一著者: Sen, Amartya K. (autor)
フォーマット: 図書
言語:英語
出版事項: Nueva York, EUA : Anchor Books, 1999, c1999
主題:
タグ: タグ追加
タグなし, このレコードへの初めてのタグを付けませんか!

MARC

LEADER 00000nam^a2200000^a^4500
001 000136993
005 20250521000000.0
009 20260310095336.887
020 |a 0-385-72027-0 
037 |a Acervo ITESO - Biblioteca 
041 |a ING 
082 |a 330. 1  |b SEN 
100 |a Sen, Amartya K.  |e (autor) 
245 1 0 |a Development as Freedom /  |c A.K. Sen. 
264 4 |a Nueva York, EUA :  |b Anchor Books,  |c 1999, c1999 
300 |a 366 p. 
336 |a texto  |b txt  |2 rdacontenido 
337 |a sin mediación  |b n  |2 rdamedio 
338 |a volumen  |b nc  |2 rdasoporte 
649 |a XX 
650 |a Mujeres -  |x Condiciones Sociales y Culturales 
650 |a Cambios Sociales y Culturales 
650 |a Hambre 
650 |a Crisis Económica 
650 |a Pobreza 
650 |a Desarrollo Económico-Social 
650 |a Democracia 
650 |a Libertad 
650 |a Autonomía Política 
650 |a Justicia e Injusticia 
650 |a Derechos Humanos 
650 |a Etica en los Negocios 
650 |a Capitalismo -  |x Aspectos Eticos 
650 |a Economía 
910 |a Fondo General 
920 |a Impresos - Libros 
930 |a Colección General 
905 |a 101 
901 |a 0500066080  |b IT1  |c ACC  |u 20250521 
901 |a 0500100374  |b IT1  |c ACC  |u 20250521 
901 |a 0500100377  |b IT1  |c ACC  |u 20250521 
902 |a https://opac.biblio.iteso.mx/vufind/Record/000136993